000
00290nam a2200121Ia 4500
008
220204s9999 xx 000 0 und d
082
_a
658.311(035)
_b
UNG
245
0
_a
Recruitment handbook
250
_a
Ed.3
260
_a
England
_b
Gower
_c
1975
700
_a
Ungerson, Bernard
942
_c
BK
999
_c
38403
_d
38403